| 000 | 03165nam a22004337a 4500 | ||
|---|---|---|---|
| 005 | 20081006144546.0 | ||
| 008 | 081006t xxu||||| |||| 00| 0 hin d | ||
| 010 | _aHIN-84302-307 | ||
| 020 |
_a9788181436856 _c5000.00 (सेट) |
||
| 020 | _a9788181436870 | ||
| 020 | _a9788181436887 | ||
| 020 | _a9788181436863 | ||
| 020 | _a9788181436894 | ||
| 020 | _a9788181437723 | ||
| 035 | _aHN-56648-653 | ||
| 037 | _bDBAD / PUB | ||
| 040 |
_aDPL _bHN |
||
| 082 | _a820.92 | ||
| 245 |
_aपं. किशोरीदास वाजपेयी ग्रंथावली / _cविष्णुदत्त राकेश द्वारा संपादित |
||
| 246 |
_aPt. Kishori Das Vajpayee Granthavali _bedited by Vishnu Datt Rakesh |
||
| 260 |
_aनई दिल्ली _bवाणी प्रकाशन _c2008 |
||
| 270 |
_a21-ए, दरियागंज _bनई दिल्ली _e110002 _k011 23273167, 23275710, 41562622 _l011 23275710 _mvaniprakashan@gmail.com |
||
| 300 |
_a6भाग, 399पृ; 567पृ; 526पृ; 462पृ; 599पृ; 340पृ _c22सेमी (सजिल्द) |
||
| 500 | _a6 भागों में प्रकाशित । | ||
| 600 | _aवाजपेयी, किशोरीदास | ||
| 600 | _aVajpeyi, Kishoridas | ||
| 650 |
_aहिन्दी साहित्य _xव्याख्या एवं समालोचना |
||
| 650 |
_aHindi literature _xInterpretation and Criticism |
||
| 650 |
_aहिन्दी भाषा _xइतिहास एवं समालोचना |
||
| 650 |
_aHindi language _xHistory and Criticism |
||
| 700 | _aविष्णुदत्त राकेश | ||
| 942 |
_2ddc _cHN _mपंकिशो _h820.92 |
||
| 999 |
_c16275 _d16275 |
||